00961nam a2200241 a 450000100100000000500170001000800410002702000180006804000250008608200190011110000430013024500570017325000120023026000360024230000200027850000640029858601260036265000280048865000310051691000410054795201160058899900150070400000450720240412074202.0090723s2005 dr r 000 p spa d a9789945161014 aDO-SdBNPbspacBNPHU aRD861.44bJ27u1 aJames Rawlings, Norberto,b1945-9720613aLa urdimbre del silencio /cNorberto James Rawlings. a2a. ed. aSanto Domingo :bBúho,c2005. a68 p. ;c22 cm. aIncluye datos biográficos del autor en la contracubierta. aMención II Premio Internacional de Poesía Nicolás Guillén, Instituto Quintanaroense de la Cultura, México 1999. 0aPoesía dominicana966 0aLiteratura dominicana.967 aValidado. Control de calidad MMOLINA 0010718PDaPDbPDcHDd2009-07-23iLF1l0oRD861.44 J27up4507-10r2020-06-25w2020-06-25yLFPDZNo se presta c4316d4316